000
00338nam a2200133Ia 4500
008
240624s9999 xx 000 0 und d
041
_a
eng
082
_a
174.4 BRE
100
_a
BREDESON DEAN A
245
_a
APPLIED BUSINESS ETHICS
260
_c
2012
_a
United Kingdom
_b
South-Western Cengage
300
_a
Learning,2012
365
_c
_b
26
999
_c
30058
_d
30058